| 000 | 00000nam##2200000za#4500 |
| 001 | 9.697439 |
| 003 | CaOODSP |
| 005 | 20250506145324 |
| 007 | cr ||||||||||| |
| 008 | 150407|1962||||xxc|||||o f|0| 0 eng|d |
| 040 | |aCaOODSP|beng |
| 043 | |an-cn--- |
| 086 | 1 |aA73-782/1962E-PDF |
| 110 | 1 |aCanada.|bAgriculture Canada. |
| 245 | 10|aEggs : |h[electronic resource]|bthe production, identification and retention of quality in eggs / |cby Earle S. Snyder. |
| 250 | |aRevised September 1961 |
| 260 | |aOttawa - Ontario : |bAgriculture Canada |c[c]1962. |
| 300 | |a92p.|bfigs., graphs, references, tables, photographs |
| 500 | |aHistorical publication digitized by Agriculture and Agri-Food Canada. First published: July, 1946. |
| 590 | |a13-17-Supp|b2013-07-25 |
| 690 | 07|aCooking|2gcpds |
| 690 | 07|aAgri-food products|2gcpds |
| 690 | 07|aEggs|2gcpds |
| 690 | 07|aNutrition|2gcpds |
| 720 | 1 |aSnyder, Earle S. |
| 775 | 08|tLes oeufs : |w(CaOODSP)9.644202 |
| 856 | 40|ahttp://publications.gc.ca|qPDF|s10.29 MB|uhttps://publications.gc.ca/collections/collection_2013/aac-aafc/agrhist/A73-782-1962-eng.pdf |
| 986 | |a782 |